000 00604nam a22002417a 4500
003 UA-OsUOA
001 26544
007 ta
008 20040607b un ||||| |||| 00| 0 ukr d
100 _aВернадський В.І.
090 _a55
_bВ35
942 _cBK
040 _aUA-OsUOA
_bukr
_cUA-OsUOA
_dUA-OsUOA
245 _aВибрані праці
300 _a439 с.
955 _a0
041 _aukr
080 _a55
260 _aКиїв
_bНаукова думка
_c1969
044 _aUA
650 7 _a5 Математика. Природничі науки
_2UDC
999 _c312869
_d312869